Introduction to languages and the theory of computation / (Record no. 9857)
[ view plain ]
| 000 -LEADER | |
|---|---|
| fixed length control field | 01957nam a22002297a 4500 |
| 005 - ΗΜΕΡΟΜΗΝΙΑ ΚΑΙ ΩΡΑ ΤΕΛΕΥΤΑΙΑΣ ΕΝΗΜΕΡΩΣΗΣ | |
| Πεδίο ελέγχου | 20250804123547.0 |
| 006 - FIXED-LENGTH DATA ELEMENTS--ADDITIONAL MATERIAL CHARACTERISTICS | |
| Πεδίο ελέγχου σταθερού μήκους | a|||||r||||||||||| |
| 008 - FIXED-LENGTH DATA ELEMENTS--GENERAL INFORMATION | |
| Πεδίο ελέγχου σταθερού μήκους | b ||||| |||| 00| 0 eng d |
| 020 ## - ISBN | |
| ISBN | 0072322004 |
| Επεξηγηματικές πληροφορίες | alk. paper |
| 040 ## - ΠΗΓΗ ΚΑΤΑΛΟΓΟΓΡΑΦΗΣΗΣ | |
| Φορέας πρωτότυπης καταλογογράφησης | MC Athens Campus Library |
| Modifying agency | MC Athens Campus Library |
| Γλώσσα καταλογογράφησης | Αγγλικά |
| Κανόνες περιγραφικής καταλογογράφησης | AACR2 |
| 100 1# - MAIN ENTRY--PERSONAL NAME | |
| Personal name | Martin, John C. |
| 9 (RLIN) | 1087 |
| 245 10 - ΤΙΤΛΟΣ ΚΑΙ ΔΗΛΩΣΗ ΥΠΕΥΘΥΝΟΤΗΤΑΣ | |
| Τίτλος | Introduction to languages and the theory of computation / |
| Statement of responsibility, etc. | John C. Martin. |
| 250 ## - EDITION STATEMENT | |
| Edition statement | 3rd ed. |
| 260 ## - PUBLICATION, DISTRIBUTION, ETC. | |
| Place of publication, distribution, etc. | Boston : |
| Name of publisher, distributor, etc. | McGraw-Hill, |
| Date of publication, distribution, etc. | c2003. |
| 300 ## - PHYSICAL DESCRIPTION | |
| Extent | xiii, 543 p. : |
| Other physical details | ill. ; |
| Διαστάσεις | 24 cm. |
| 504 ## - ΣΗΜΕΙΩΣΗ ΒΙΒΛΙΟΓΡΑΦΙΑΣ κλπ. | |
| Σημείωση βιβλιογραφίας, κλπ. | Includes bibliographical references (p. 529-530) and indexes. |
| 520 ## - SUMMARY, ETC. | |
| Summary, etc. | Introduction to Languages and the Theory of Computation is an introduction to the theory of computation that emphasizes formal languages, automata and abstract models of computation, and computability; it also includes an introduction to computational complexity and NP-completeness. Through the study of these topics, students encounter profound computational questions and are introduced to topics that will have an ongoing impact in computer science. Once students have seen some of the many diverse technologies contributing to computer science, they can also begin to appreciate the field as a coherent discipline. A distinctive feature of this text is its gentle and gradual introduction of the necessary mathematical tools in the context in which they are used. Martin takes advantage of the clarity and precision of mathematical language but also provides discussion and examples that make the language intelligible to those just learning to read and speak it. The material is designed to be accessible to students who do not have a strong background in discrete mathematics, but it is also appropriate for students who have had some exposure to discrete math but whose skills in this area need to be consolidated and sharpened. |
| 650 #0 - SUBJECT ADDED ENTRY--TOPICAL TERM | |
| Topical term or geographic name entry element | Sequential machine theory |
| 9 (RLIN) | 9917 |
| 650 #0 - SUBJECT ADDED ENTRY--TOPICAL TERM | |
| Topical term or geographic name entry element | Computing |
| 9 (RLIN) | 9851 |
| 942 ## - ADDED ENTRY ELEMENTS (KOHA) | |
| Koha item type | Books |
| Τύπος τεκμηρίου | Βιβλιοθήκη | Τρέχουσα τοποθεσία | Barcode | Αριθμός εισαγωγής | Ημερομηνία απόκτησης | Ταξιθετικό σύμβολο | Αριθμός αντιτύπου | Κατάσταση απόσυρσης | Κατάσταση χαμένου | Κατάσταση κατεστραμμένου | Μη δανεισμός | Σύνολο δανεισμών | Ημερομηνία τελευταίας εμφάνισης | Η τιμή ισχύει από |
|---|---|---|---|---|---|---|---|---|---|---|---|---|---|---|
| Books | MC Athens Campus Library | MC Athens Campus Library | 9780000098290 | 8030 | 04/08/2025 | 511.3 MAR | 1 | 04/08/2025 | 04/08/2025 |